000 00856nac a22002417a 4500
001 BR6700005
003 BR-BrBNA
005 20240105113314.0
008 230509b bl.|||m| |||| 00| 0 por d
040 _aBR-BrBNA
_bpor
_cBiblioteca Nacional de Agricultura
072 _aF00; E70; E30
090 _a3575 BR6700005
110 1 _aCompanhia Agropecuaria de Fomento Economico do Parana, Curitiba (Brasil)
_92271
245 1 _aRelatorio de 1966 [Companhia Agropecuaria de Fomento Economico do Parana - Cafe do Parana, semente, Brasil]
260 3 _aCuritiba, PR (Brasil):
_c1967.
300 _a57 p.
490 _aRelatorio - Companhia Agropecuaria de Fomento Economico do Parana (Brazil)
_v
_x
650 _aMECANIZACAO AGRICOLA
650 _aSEMENTE
650 _aPARANA
909 _a202312
_bLúcia Elande
_c55
_dLúcia Elande
942 _2AGRIS
_n0
_cMS
999 _c262993
_d262993